000 00598nam a2200193Ia 4500
005 20250508163523.0
008 008 250505s9999 xx 000 0 eng d
037 _aDissertations
040 _aFEDL
_beng
_cFEDL
041 _aeng
_2eng
084 _a574.07, GHO/DI
_qFEDL
100 _aGhorai Chandraboli
_9775534
245 0 _aEffectiveness of Hilda Taba Model in teaching certain concepts of biology at secondary level
260 _c1996
300 _a76p.
546 _aM.Ed. Dissertation (Delhi University)
942 _cDIS
_h574.07, GHO/DI
999 _c1383856
_d1383856